Pensamiento theologicos respectivos a los errores de este tiempo (Record no. 10895)

MARC details
000 -CABECERA
campo de control de longitud fija 01151nam a22002777a 4500
001 - NÚMERO DE CONTROL
campo de control BRCA_9276
003 - IDENTIFICADOR DEL NÚMERO DE CONTROL
campo de control FranzMayer
005 - FECHA Y HORA DE LA ÚLTIMA TRANSACCIÓN
campo de control 20230721104757.0
008 - DATOS DE LONGITUD FIJA--INFORMACIÓN GENERAL
campo de control de longitud fija 230721b |||||||| |||| 00| 0 eng d
040 ## - FUENTE DE LA CATALOGACIÓN
Centro catalogador/agencia de origen MFM
Lengua de catalogación ESP
Centro/agencia transcriptor MFM
050 #4 - SIGNATURA TOPOGRÁFICA DE LA BIBLIOTECA DEL CONGRESO
Número de clasificación LE57
Número de documento/Ítem J36 1778
082 ## - NÚMERO DE LA CLASIFICACIÓN DECIMAL DEWEY
Número de edición BT198
100 1# - ENTRADA PRINCIPAL--NOMBRE DE PERSONA
Código de función/relación Autor
Nombre de persona Jamin, Nicolas
9 (RLIN) 28883
240 1# - TÍTULO UNIFORME
Título uniforme Pensamientos theologicos respectivos a los errores de este tiempo
Lenguaje de la obra esp
245 0# - MENCIÓN DE TÍTULO
Título Pensamiento theologicos respectivos a los errores de este tiempo
260 ## - PUBLICACIÓN, DISTRIBUCIÓN, ETC.
Lugar de publicación, distribución, etc. Madrid, España
Nombre del editor, distribuidor, etc. D. Antonio de Sancha
Fecha de publicación, distribución, etc. 1778
300 ## - DESCRIPCIÓN FÍSICA
Extensión 438 p
Dimensiones 18 cm
500 ## - NOTA GENERAL
Nota general El libro se esta desprendiendo de su encuadernación
500 ## - NOTA GENERAL
Nota general El libro cuenta con licencia real
505 0# - NOTA DE CONTENIDO CON FORMATO
Nota de contenido con formato Texto en: españolDirigido a: teólogos, historiadores, religiosos (cristianos o católicos) y sociólogosTraducido del francésIncluye índice temático
600 1# - PUNTO DE ACCESO ADICIONAL DE MATERIA--NOMBRE DE PERSONA
Fuente del encabezamiento o término Traductor
Nombre de persona Leon, D. Remigio
9 (RLIN) 28884
650 1# - PUNTO DE ACCESO ADICIONAL DE MATERIA--TÉRMINO DE MATERIA
Fuente del encabezamiento o término Religión
Término de materia o nombre geográfico como elemento de entrada Religión cristiana
Subdivisión de forma Teología
9 (RLIN) 28885
651 2# - PUNTO DE ACCESO ADICIONAL DE MATERIA--NOMBRE GEOGRÁFICO
Fuente del encabezamiento o término Religión cristiana
Nombre geográfico Historia y principios de la religión
Subdivisión de forma Estudios religiosos
9 (RLIN) 28886
700 1# - PUNTO DE ACCESO ADICIONAL--NOMBRE DE PERSONA
Código de función/relación Trad.
Nombre de persona Leon, D. Remigio
9 (RLIN) 28887
942 ## - ELEMENTOS DE PUNTO DE ACCESO ADICIONAL (KOHA)
Fuente del sistema de clasificación o colocación Library of Congress Classification
Tipo de ítem Koha Libros
Holdings
Estado de retiro Estado de pérdida Fuente del sistema de clasificación o colocación Estado dañado No para préstamo Código de colección Localización permanente Ubicación/localización actual Fecha de adquisición Fuente de adquisición Total de préstamos Signatura topográfica completa Código de barras Fecha visto por última vez Precio válido a partir de Tipo de ítem Koha
El ejemplar forma parte de la colección y puede ser consultado según las políticas vigentes.   Library of Congress Classification     Conventual Franz Mayer Biblioteca del Museo Franz Mayer (Rogerio Casas-Alatriste) Biblioteca del Museo Franz Mayer (Rogerio Casas-Alatriste) 21/07/2023 Donación   LE57 J36 1778 CFM00511 21/07/2023 21/07/2023 Libros